Trabajo modelo 1987 Estuarios, Manglares y sitios del Pacifico Colombiano (Registro nro. 18325)
[ vista simple ]
| 000 -CABECERA | |
|---|---|
| Campo de control | 00662nem a22002177a 4500 |
| 005 - FECHA Y HORA DE LA ULTIMA TRANSACCION | |
| Campo de control | 20180803170239.0 |
| 008 - ELEMENTOS DE LONGITUD FIJA—INFORMACION GENERAL | |
| Campo de control | 160421b1987 ck ||||| |a|| 00| 0 spa d |
| 040 ## - FUENTE DE CATALOGACIÓN | |
| Agencia catalogadora original | CO-BoIAVH |
| Agencia transcriptora | CO-BoIAVH |
| 041 ## - IDIOMA | |
| Código de idioma para texto/pista de sonido o título separado | Español |
| 044 ## - PAÍS DE PUBLICACIÓN | |
| País de publicación | Colombia |
| 090 ## - CLASIFICACIÓN LOCAL | |
| Colección | MC- |
| Consecutivo | 0026 |
| 100 1# - ASIENTO PRINCIPAL--NOMBRE PERSONAL | |
| Nombre personal | Van Prahl, Henry |
| 245 ## - MENCION DE TITULO | |
| Título | Trabajo modelo 1987 Estuarios, Manglares y sitios del Pacifico Colombiano |
| Medio físico | [Material Cartofrafico] |
| 260 ## - PUBLICACION, DISTRIBUCION, ETC. (PIE DE IMPRENTA) | |
| Lugar de publicación, distribución, etc. | Bogotá |
| Nombre del editor, distribuidor, etc. | IAvh |
| Fecha de publicación, distribución, etc. | 1987 |
| 300 ## - DESCRIPCION FISICA | |
| Extensión | 1 mapa ; |
| Otros detalles físicos | Color |
| Dimensiones | 100 x 69 cm |
| 650 #4 - ASIENTO SECUNDARIO DE MATERIA - TERMINO TEMATICO | |
| Término temático o nombre geográfico como elemento de entrada | Playas arenoas |
| Subdivisión geográfica | Pacifico |
| 650 #4 - ASIENTO SECUNDARIO DE MATERIA - TERMINO TEMATICO | |
| Término temático o nombre geográfico como elemento de entrada | Manglares |
| 700 1# - ASIENTO SECUNDARIO - NOMBRE PERSONAL | |
| Nombre personal | R. Canter, Jaime |
| 700 1# - ASIENTO SECUNDARIO - NOMBRE PERSONAL | |
| Nombre personal | Contreras, Rafael |
| 942 ## - ELEMENTOS ADICIONALES (KOHA) | |
| Sistema de clasificación | Local |
| Tipo de ítem | Mapa |
No hay ítems disponibles.